000 00911nam a2200265 a 4500
001 000029512
003 DO-SdBNP
005 20240314073719.0
007 ta
008 110406t1994 dr 000 0dspa d
040 _aDO-SdBNP
_bspa
_cBNPHU
041 _hspa
082 4 _a923.27293
_bD812i, 1994
_222
245 0 0 _aIdeario de Duarte /
_ccompilado y anotado por Vetilio Alfau Durán.
250 _a5a. ed.
260 _aSanto Domingo :
_bSecretaría de Estado de Educación Bellas Artes y Cultos,
_c1994.
300 _a32 p. :
_bil., retr. ;
_c20 cm.
500 _aPublicaciones de sesquicentenario
504 _aBibliografía : p. 27-32.
600 1 0 _aDuarte, Juan Pablo,
_d1813-1876
_91494
651 4 _aRepública Dominicana
_xHistoria
_y1844-1930
_938423
_vFuentes
700 1 _aAlfau Durán, Vetilio,
_d1909-1985
_ecomp.
_910091
910 _aValidado. Control de calidad EMS
942 _2ddc
_cLF2
999 _c29004
_d29004